|
|
|
|
| LEADER |
01882cas a2200277 a 4500 |
| 001 |
AALejournalIMF017141 |
| 008 |
230101c9999 xx r poo 0 0eng d |
| 020 |
|
|
|c 5.00 USD
|
| 020 |
|
|
|z 9781475541298
|
| 022 |
|
|
|a 1018-5941
|
| 040 |
|
|
|a BD-DhAAL
|c BD-DhAAL
|
| 100 |
1 |
|
|a Obstfeld, Maurice.
|
| 245 |
1 |
0 |
|a How to Improve Inflation Targeting in Canada /
|c Maurice Obstfeld, Kevin Clinton, Ondra Kamenik, Douglas Laxton.
|
| 264 |
|
1 |
|a Washington, D.C. :
|b International Monetary Fund,
|c 2016.
|
| 300 |
|
|
|a 1 online resource (43 pages)
|
| 490 |
1 |
|
|a IMF Working Papers
|
| 500 |
|
|
|a <strong>Off-Campus Access:</strong> No User ID or Password Required
|
| 500 |
|
|
|a <strong>On-Campus Access:</strong> No User ID or Password Required
|
| 506 |
|
|
|a Electronic access restricted to authorized BRAC University faculty, staff and students
|
| 520 |
3 |
|
|a Routine publication of the forecast path for the policy interest rate (i.e. 'conventional forward guidance') would improve the transparency of monetary policy. It would also improve policy effectiveness through its influence on expectations, particularly when there is a risk of low inflation, and the policy rate is constrained by the effective lower bound. Model simulations indicate that a potent macroeconomic strategy, for returning the Canadian economy to potential, combines conventional forward guidance with a fiscal stimulus. As a response to the effective lower bound constraint, and the decline in the world equilibrium real interest rate, this strategy is preferable to raising the inflation target.
|
| 538 |
|
|
|a Mode of access: Internet
|
| 700 |
1 |
|
|a Clinton, Kevin.
|
| 700 |
1 |
|
|a Kamenik, Ondra.
|
| 700 |
1 |
|
|a Laxton, Douglas.
|
| 830 |
|
0 |
|a IMF Working Papers; Working Paper ;
|v No. 2016/192
|
| 856 |
4 |
0 |
|z Full text available on IMF
|u http://elibrary.imf.org/view/journals/001/2016/192/001.2016.issue-192-en.xml
|z IMF e-Library
|